000 00294nam a22001337a 4500
008 170602b xxu||||| |||| 00| 0 eng d
020 _a9780486202761
041 _aeng
080 _a94
100 _a17
101 _aSHH
245 _aPRINCIPLES OF ART HISTORY
_cWOLFFLIN,H
942 _2udc
_cBK
999 _c15715
_d15715